|
|
|
|
| LEADER |
00000cam a2200000 i 4500 |
| 001 |
1/35477 |
| 008 |
941103s1987 eng d |
| 020 |
|
|
|a 0471832278
|
| 035 |
|
|
|l 10039971
|
| 035 |
|
|
|a 1993
|c ΦΛΕΣΣΑΣ
|
| 040 |
|
|
|a GR-MY-UA
|b gre
|e aacr
|
| 041 |
0 |
|
|a eng
|
| 082 |
0 |
|
|a 515.353
|2 (19)
|
| 100 |
1 |
|
|a Gustafson, Karl E.
|
| 245 |
1 |
0 |
|a Introduction to partial differential equations and Hilbert space methods /
|c Karl E. Gustafson
|
| 246 |
3 |
3 |
|a Partial differential equations and Hilbert space methods
|
| 250 |
|
|
|a 2nd ed
|
| 260 |
|
|
|a New York :
|b Wiley,
|c c1987
|
| 300 |
|
|
|a xix, 409 p.;
|b ill.;
|c 24 cm
|
| 504 |
|
|
|a Includes bibliographical references and indexes
|
| 650 |
0 |
0 |
|a Differential equations, Partial.
|
| 650 |
0 |
0 |
|a Hilbert space.
|
| 852 |
|
|
|a INST
|b SAMOS
|e 19941103
|h 515.353 GUS
|p 005300001402
|q 005300001402
|t BK
|y 0
|
| 852 |
|
|
|a INST
|b SAMOS
|e 19941103
|h 515.353 GUS
|p 005300003296
|q 005300003296
|t BK
|y 0
|
| 909 |
|
|
|a Σ
|b 017119
|
| 909 |
|
|
|a Σ
|b 029623
|